00821nam a2200217 i 450000100060000000300090000600500170001500700030003200800410003510000260007624501370010226000410023930000370028049000220031770000380033970000260037783000300040385200320043399900170046595201210048278177ES-MaACL20250814230837.0t|041011s1957 sp ||||1| spa d1 aHansen, Palle.96176910aContabilidad interna de la industria / cPalle Hansen ; traducción del danés y notas por Arne Koefoed y Armando Suárez Franck. aMadrid : bAguilar, c1957 (fBlass) aXVI, 311 p., 1 lám. ; c22 cm.1 aCiencias sociales1 aSuárez Franck, Armando.91086201 aKoefoed, Arne.96843000aCiencias sociales9177859 aES-MaACLjC-12172 bR.40309 c78177d78177 00104070aATENEOMbATENEOMcSPALd2008-01-17eSCl0oC-12172p1081780r2023-02-23 00:00:00w2023-02-23yMONOGRAFIA